Politique Internationale en D - Statistiques

Statistiques générales
  • Ce quiz a été pris 208 fois
  • Le résultat moyen est 6 sur 10
Statistiques - réponses
Hint Réponse % Correct
Type de gouvernement où la souveraineté appartient au peuple. Démocratie
98%
Régime autoritaire, où tous les pouvoirs sont concentrés entre les mains d’une personne ou d’un groupe réduit de personnes. Dictature
95%
Régression durable des surfaces couvertes par les forêts dans le monde, enjeu particulièrement criant en Amazonie. Déforestation
82%
Transfert d’activité et d’emplois dans un pays offrant des avantages compétitifs aux entreprises. Délocalisation
69%
Populations hors de leur pays, qui continuent d’entretenir des liens politiques, culturels et économiques par delà les frontières. Diaspora
66%
Région de l’ouest du Soudan riche en ressources naturelles, théâtre d’une guerre civile et d’une crise humanitaire depuis 2003. Darfour
59%
Nom générique des négociations et reconnaissances entre les Etats. Diplomatie
49%
Concept philosophique qui tient pour principe que tous les humains possèdent des droits égaux. Droits de l’Homme
22%
Président des Philippines de 2016 à 2022, il est notamment connu pour sa violente guerre contre la drogue, au cours de laquelle des dizaines de milliers d'exécutions sommaires ont eu lieu. Rodrigo Duterte
20%
Président des Etats confédérés lors de la guerre de Sécession Jefferson Davis
9%
Aucun quiz correspondant
Distribution des résultats
% des personnes avec chaque résultat
Percentile par nombre de réponses
Votre historique - résultats
Vous n’avez pas pris ce quiz